| 000 | 00611nam a2200193Ia 4500 | ||
|---|---|---|---|
| 003 | IN-BaIIA | ||
| 008 | 211028s9999 xx 000 0 eng d | ||
| 020 | _a0-85066-094-7 | ||
| 040 | _cIIA Library | ||
| 080 |
_a520.1 _bGWO-2 |
||
| 100 |
_aMeadows, A. J. _96330 |
||
| 245 | 0 |
_aGreenwich observatory _bvol. 2, recent history (1836-1975) _cA. J. Meadows |
|
| 260 |
_aLondon _bTaylor and Francis _c1975 |
||
| 300 | _axi, 135p. | ||
| 650 | _aAstronomy and astrophysics thesaurus | ||
| 650 |
_aGreenwich observatory _99702 |
||
| 650 |
_aObservatory _9970 |
||
| 942 | _cBK | ||
| 999 |
_c5587 _d5587 |
||